mastering science 6 (Record no. 3676)

MARC details
000 -LEADER
fixed length control field 00200nam a22000857a 4500
008 - FIXED-LENGTH DATA ELEMENTS--GENERAL INFORMATION
fixed length control field 161102b xxu||||| |||| 00| 0 eng d
050 ## - LIBRARY OF CONGRESS CALL NUMBER
Classification number 500
100 ## - MAIN ENTRY--PERSONAL NAME
Personal name dharen m. doshi
9 (RLIN) 1016
245 ## - TITLE STATEMENT
Title mastering science 6

No items available.

Powered by Koha